Business Statistics in Practice. (Record no. 4923)
[ view plain ]
| 005 - DATE AND TIME OF LATEST TRANSACTION | |
|---|---|
| control field | 20250625064833.0 |
| 020 ## - INTERNATIONAL STANDARD BOOK NUMBER | |
| International Standard Book Number | 9780072977479 |
| 082 ## - DEWEY DECIMAL CLASSIFICATION NUMBER | |
| Classification number | 519 BOW |
| 100 ## - MAIN ENTRY--PERSONAL NAME | |
| Author name | BROWERMAN,L. |
| 245 ## - TITLE STATEMENT | |
| Title | Business Statistics in Practice. |
| 250 ## - EDITION STATEMENT | |
| Edition statement | 4th |
| 300 ## - PHYSICAL DESCRIPTION | |
| Extent | xxi,881.; table,figure |
| Other physical details | index |
| Dimensions | 27cm. |
| 700 ## - ADDED ENTRY--PERSONAL NAME | |
| Other authors/Editors | O'CONNELL,R. |
| 942 ## - ADDED ENTRY ELEMENTS (KOHA) | |
| Source of classification or shelving scheme | Dewey Decimal Classification |
| Koha item type | Books |
| Date last seen | Total checkouts | Full call number | Barcode | Cost, replacement price | Price effective from | Koha item type | Lost status | Source of classification or shelving scheme | Damaged status | Not for loan | Withdrawn status | Home library | Current library | Shelving location | Date acquired | Cost, normal purchase price |
|---|---|---|---|---|---|---|---|---|---|---|---|---|---|---|---|---|
| 06/25/2025 | 519.5 BOW | DOM000935 | 375000.00 | 06/25/2025 | Books | Dewey Decimal Classification | CBE Dodoma | CBE Dodoma | General Collection | 05/26/2015 | 125000.00 | |||||
| 06/25/2025 | 519.5 BOW | DOM000937 | 375000.00 | 06/25/2025 | Books | Dewey Decimal Classification | CBE Dodoma | CBE Dodoma | General Collection | 05/26/2015 | 125000.00 | |||||
| 06/25/2025 | 519.5 BOW | DOM000938 | 375000.00 | 06/25/2025 | Books | Dewey Decimal Classification | CBE Dodoma | CBE Dodoma | General Collection | 05/26/2015 | 125000.00 | |||||
| 06/25/2025 | 519.5 BOW | DOM000936 | 375000.00 | 06/25/2025 | Books | Dewey Decimal Classification | CBE Dodoma | CBE Dodoma | General Collection | 05/26/2015 | 125000.00 | |||||
| 06/25/2025 | 519.5 BOW | DOM000998 | 375000.00 | 06/25/2025 | Books | Dewey Decimal Classification | CBE Dodoma | CBE Dodoma | General Collection | 05/26/2015 | 125000.00 |
